| 000 | 00730cam a2200253 i 4500 | ||
|---|---|---|---|
| 001 | 1303573 | ||
| 003 | PILC | ||
| 005 | 20160318092334.0 | ||
| 008 | 770824s1978 maua 001 0 eng | ||
| 010 | _a 77014474 | ||
| 020 | _a9789712368165 | ||
| 040 |
_aDLC _cDLC _dDLC |
||
| 050 | 0 | 0 |
_aG 155.A1 _b.C957 2014 |
| 082 | 0 | 0 | _a338.4/7/91 |
| 100 | 1 | _aCruz, Reil G. | |
| 245 | 1 | 0 |
_aTourism planning and development / _cReil G. Cruz. |
| 260 |
_aManila : _bRex Book Store, _c2014. |
||
| 300 |
_ax, 216 pages : _billustrations ; _c25 cm. |
||
| 500 | _aIncludes bibliographical references and index. | ||
| 650 | 0 | _aTourism. | |
| 650 | 0 | _aResorts. | |
| 906 |
_a7 _bcbc _corignew _d1 _eocip _f19 _gy-gencatlg |
||
| 942 |
_2lcc _cBK _kLOC |
||
| 999 |
_c284808 _d284808 |
||